[Event "Moscow Youth U19 2019"]
[Site "Moscow"]
[Date "2019.11.25"]
[Round "8.4"]
[White "Beliuga, Mikhail"]
[Black "Rysaev, Danial"]
[Result "0-1"]
[WhiteElo "1816"]
[BlackElo "2029"]
[Annotator "NA RC"]
[PlyCount "92"]
[EventDate "2019.11.18"]
[EventType "swiss"]
[EventCountry "RUS"]
[SourceTitle "playchess.com"]
[Source "ChessBase"]
[SourceQuality "1"]
[TimeControl "5400+30"]

1. d4 {[%emt 0:00:00]} Nf6 {[%emt 0:08:13]} 2. g3 {[%emt 0:00:00]} c5 {[%emt 0:00:53]} 3. Nf3 {[%emt 0:00:26]} g6 {[%emt 0:00:09]} 4. Bg2 {[%emt 0:00:23]} Bg7 {[%emt 0:00:14]} 5. O-O {[%emt 0:02:54]} O-O {[%emt 0:00:10]} 6. Nc3 {[%emt 0:05:00]} cxd4 {[%emt 0:04:28]} 7. Nxd4 {[%emt 0:00:05]} d5 {[%emt 0:00:48]} 8. Nb3 {[%emt 0:00:49]} e6 {[%emt 0:01:43]} 9. e4 {[%emt 0:21:20] A49: 1 d4 Nf6 2 Nf3 g6 3 g3: Anti-King's Indian systems} dxe4 {[%emt 0:00:14]} (9... Nc6 10. exd5 exd5 11. Bg5 h6 12. Be3 Re8 13. Qd2 Ng4 14. Bc5 Be6 15. Nxd5 Bxb2 16. Rad1 Bxd5 17. Bxd5 {1-0 (59) Ding,L (2812)-Adams,M (2708) Astana 2019}) 10. Qxd8 {[%emt 0:00:06]} Rxd8 {[%emt 0:00:04]} 11. Bg5 {[%emt 0:00:41]} Nbd7 $146 {[%emt 0:11:53]} ({Predecessor:} 11... h6 12. Bxf6 Bxf6 13. Nxe4 Bxb2 14. Rad1 Rxd1 15. Rxd1 Nc6 16. Nd6 Ba3 {1-0 (48) Vijayalakshmi,S (2417)-Nikolaidis,I (2538) Kalamaria 2006}) 12. Nxe4 {[%emt 0:02:07]} h6 {[%emt 0:00:11]} 13. Bxf6 {[%emt 0:11:28]} Nxf6 {[%emt 0:00:07]} 14. Rad1 {[%emt 0:00:05]} Rxd1 {[%emt 0:04:27]} 15. Rxd1 {[%emt 0:00:01]} Nxe4 {[%emt 0:01:47]} 16. Rd8+ {[%emt 0:03:15]} Bf8 {[%emt 0:00:06]} 17. Bxe4 {[%emt 0:00:07]} f5 {[%emt 0:00:04]} 18. Bg2 {[%emt 0:00:34]} Kf7 {[%emt 0:00:37]} 19. Na5 {[%emt 0:08:54]} Be7 {[%emt 0:05:20]} 20. Rd3 {[%emt 0:00:06]} Rb8 {[%emt 0:02:19]} 21. Rb3 {[%emt 0:01:33]} b5 {[%emt 0:00:31]} 22. Nc6 {[%emt 0:11:58]} Rb6 {[%emt 0:00:05]} 23. Nxa7 {[%emt 0:00:46]} Bd7 {[%emt 0:01:18]} 24. Rc3 {[%emt 0:01:25]} Rd6 {[%emt 0:22:45]} 25. Kf1 {[%emt 0:19:02]} Bd8 {[%emt 0:02:00]} 26. Ke2 {[%emt 0:06:44]} e5 {[%emt 0:01:59]} 27. Bc6 {[%emt 0:01:49]} Ba5 {[%emt 0:01:10]} 28. Rd3 {[%emt 0:00:02]} Rxd3 {[%emt 0:01:59]} 29. Kxd3 {[%emt 0:00:02]} e4+ {[%emt 0:00:15]} 30. Ke2 {[%emt 0:00:13]} Bxc6 {[%emt 0:00:42]} 31. Nxc6 {[%emt 0:00:02]} Bb6 {[%emt 0:00:15]} 32. c3 {[%emt 0:01:12]} Kf6 {[%emt 0:01:21]} 33. f3 {[%emt 0:02:39]} g5 {[%emt 0:02:03]} 34. Nb4 {[%emt 0:00:03]} Ke5 {[%emt 0:00:22]} 35. Nc2 {[%emt 0:01:01]} Bg1 {[%emt 0:00:59]} 36. h3 {[%emt 0:00:14]} h5 {[%emt 0:01:19]} 37. Ne3 {[%emt 0:00:52]} exf3+ {[%emt 0:00:19]} 38. Kxf3 {[%emt 0:00:02]} g4+ {[%emt 0:00:02]} 39. hxg4 {[%emt 0:00:27]} hxg4+ {[%emt 0:00:25]} 40. Ke2 {[%emt 0:00:00]} Ke4 {[%emt 0:00:19]} 41. Nf1 {[%emt 0:00:02]} f4 {[%emt 0:00:52]} 42. gxf4 {[%emt 0:00:56]} Kxf4 {[%emt 0:00:09]} 43. Nd2 {[%emt 0:01:22]} Bb6 $11 {[%emt 0:02:53]} 44. b3 {[%emt 0:00:36]} g3 {[%emt 0:01:57]} 45. Nf3 {[%emt 0:00:22]} g2 {[%emt 0:00:16]} 46. c4 {[%emt 0:00:18]} b4 {[%emt 0:00:20]} 0-1

[Event "Moscow Youth U19 2019"]
[Site "Moscow"]
[Date "2019.11.25"]
[Round "8.5"]
[White "Gotsiuk, Denis"]
[Black "Miroshnik, Ekaterina"]
[Result "1-0"]
[WhiteElo "1976"]
[BlackElo "2127"]
[Annotator "TA"]
[PlyCount "27"]
[EventDate "2019.11.18"]
[EventType "swiss"]
[EventCountry "RUS"]
[SourceTitle "playchess.com"]
[Source "ChessBase"]
[SourceQuality "1"]

{[%evp 6,6,25]} 1. d4 e6 2. Nf3 Nf6 3. c4 d5 {Predecessor:} 4. Nc3 $146 c5 5. cxd5 Nxd5 6. e3 cxd4 7. exd4 Nxc3 8. bxc3 Qc7 9. Bd2 Nd7 10. Bd3 b6 11. Ng5 Nf6 12. Qf3 Rb8 13. O-O Bd6 14. Qh3 {½-½ (64) Radjabov,T (2758)-Ding,L (2811) Khanty-Mansiysk 2019} 1-0

[Event "Moscow Youth U19 2019"]
[Site "Moscow"]
[Date "2019.11.25"]
[Round "8.6"]
[White "Buniatyan, David"]
[Black "Shlykov, Yaroslav"]
[Result "1-0"]
[WhiteElo "1960"]
[BlackElo "1623"]
[Annotator "NA RC"]
[PlyCount "139"]
[EventDate "2019.11.18"]
[EventType "swiss"]
[EventCountry "RUS"]
[SourceTitle "playchess.com"]
[Source "ChessBase"]
[SourceQuality "1"]
[TimeControl "5400+30"]

1. d4 {[%emt 0:00:00]} e6 {[%emt 0:00:00]} 2. Nf3 {[%emt 0:00:00]} Nf6 {[%emt 0:00:00]} 3. c4 {[%emt 0:00:00]} d5 {[%emt 0:00:06]} 4. g3 {[%emt 0:00:00]} dxc4 {[%emt 0:00:38]} 5. Bg2 {[%emt 0:00:00]} Bd7 {[%emt 0:00:14]} 6. Ne5 {[%emt 0:00:06]} Bc6 {[%emt 0:00:05]} 7. Nxc6 {[%emt 0:00:06]} Nxc6 {[%emt 0:00:04]} 8. O-O {[%emt 0:00:02]} Qd7 {[%emt 0:05:47]} 9. e3 {[%emt 0:00:17]} O-O-O {[%emt 0:01:05]} 10. Qa4 {[%emt 0:00:18]} Nd5 {[%emt 0:01:56]} 11. Qxc4 {[%emt 0:00:33]} h5 {[%emt 0:00:05]} 12. Bd2 {[%emt 0:00:17]} h4 {[%emt 0:01:52]} 13. Rc1 {[%emt 0:00:28]} hxg3 {[%emt 0:01:45]} 14. hxg3 {[%emt 0:00:00]} f5 {[%emt 0:02:18]} 15. b4 {[%emt 0:00:12]} Kb8 {[%emt 0:05:13]} 16. b5 {[%emt 0:01:59]} Nce7 {[%emt 0:00:07]} 17. a4 {[%emt 0:05:47]} Nf6 {[%emt 0:04:55]} 18. Nc3 {[%emt 0:15:01]} Ned5 {[%emt 0:00:57]} 19. a5 {[%emt 0:02:19]} Rc8 {[%emt 0:06:50]} 20. a6 {[%emt 0:23:26]} b6 {[%emt 0:01:30]} 21. e4 {[%emt 0:01:42]} Nxc3 {[%emt 0:14:52]} 22. Qxc3 {[%emt 0:14:40]} Nxe4 {[%emt 0:07:09]} 23. Qd3 {[%emt 0:04:36]} Qd5 {[%emt 0:04:51]} 24. Re1 {[%emt 0:02:09]} Bc5 {[%emt 0:07:22]} 25. Bc3 {[%emt 0:07:23]} Rcf8 {[%emt 0:10:20]} 26. Bxe4 {[%emt 0:02:33]} fxe4 {[%emt 0:00:04]} 27. Qxe4 {[%emt 0:00:13]} Bd6 {[%emt 0:00:16]} 28. Re3 {[%emt 0:03:14]} Kc8 {[%emt 0:05:48]} 29. Qxe6+ {[%emt 0:00:42]} Qxe6 {[%emt 0:00:02]} 30. Rxe6 {[%emt 0:00:01]} Rf5 {[%emt 0:00:22]} 31. Rb1 {[%emt 0:03:06]} Rfh5 {[%emt 0:00:22]} 32. Rb2 {[%emt 0:02:41]} Rd5 {[%emt 0:07:36]} 33. Rg6 {[%emt 0:01:20]} Rh7 {[%emt 0:00:28]} 34. Kg2 {[%emt 0:00:34]} Kd7 {[%emt 0:00:13]} 35. Kf3 {[%emt 0:01:16]} Ke7 {[%emt 0:07:18]} 36. Ke4 {[%emt 0:03:39]} Rdh5 {[%emt 0:00:47]} 37. Kd3 {[%emt 0:00:45]} Kf7 {[%emt 0:00:29]} 38. Rg4 {[%emt 0:00:07]} Rf5 {[%emt 0:00:26]} 39. Re4 {[%emt 0:01:44]} Rh1 {[%emt 0:00:44]} 40. Re1 {[%emt 0:01:27]} Rh2 {[%emt 0:00:34] [#]} 41. Ree2 $1 {[%emt 0:00:52]} Rf3+ {[%emt 0:01:24]} 42. Kc4 {[%emt 0:00:09]} Rh1 {[%emt 0:02:52]} 43. Bb4 {[%emt 0:01:12]} Rc1+ {[%emt 0:01:03]} (43... Rf5 $16 44. Re1 Rxe1 45. Bxe1 Ke6 46. Re2+ Kd7) 44. Rec2 {[%emt 0:00:07]} Rxc2+ {[%emt 0:00:17]} 45. Rxc2 {[%emt 0:00:01]} Ke6 {[%emt 0:00:07]} 46. Re2+ {[%emt 0:00:56]} Kd7 {[%emt 0:00:05]} 47. Bxd6 {[%emt 0:00:41]} Kxd6 {[%emt 0:01:13] [#]} 48. Re8 $1 {[%emt 0:01:23]} Rxf2 {[%emt 0:00:05] [#]} 49. Rd8+ $1 {[%emt 0:00:30]} Ke6 {[%emt 0:00:30]} 50. Ra8 {[%emt 0:00:27]} Rc2+ {[%emt 0:00:06]} 51. Kb3 {[%emt 0:00:22]} Rg2 {[%emt 0:01:32]} 52. Rxa7 {[%emt 0:00:22]} Rxg3+ {[%emt 0:00:03]} 53. Kb4 {[%emt 0:01:38]} Kd7 {[%emt 0:00:08]} 54. Ra8 {[%emt 0:00:28]} Rg1 {[%emt 0:01:05]} 55. Rg8 {[%emt 0:00:12]} Ra1 {[%emt 0:00:36]} 56. Rxg7+ {[%emt 0:00:05]} Kd6 {[%emt 0:00:38]} 57. Rg3 {[%emt 0:01:07]} c5+ {[%emt 0:00:25]} 58. dxc5+ {[%emt 0:02:25]} bxc5+ {[%emt 0:00:04]} 59. Kb3 {[%emt 0:00:19]} Ra5 {[%emt 0:00:52]} 60. Rg6+ {[%emt 0:00:21]} Kd5 {[%emt 0:00:05]} 61. Rb6 {[%emt 0:00:37]} Ra1 $18 {[%emt 0:00:55]} 62. Rb7 {[%emt 0:00:22]} c4+ {[%emt 0:00:26]} 63. Kb2 {[%emt 0:00:50]} Ra5 {[%emt 0:00:18]} 64. a7 {[%emt 0:00:18]} Kc5 {[%emt 0:00:08]} 65. b6 {[%emt 0:00:19]} Kb4 {[%emt 0:00:05]} 66. Rc7 {[%emt 0:01:17]} Ka4 {[%emt 0:01:32]} 67. Rxc4+ {[%emt 0:00:33]} Kb5 {[%emt 0:00:05]} 68. Rc8 {[%emt 0:00:07]} Kxb6 {[%emt 0:00:34]} 69. a8=Q {[%emt 0:00:09]} Rb5+ {[%emt 0:00:03]} 70. Kc2 {[%emt 0:00:19]} 1-0

[Event "Moscow Youth U19 2019"]
[Site "Moscow"]
[Date "2019.11.25"]
[Round "8.7"]
[White "Zavialov, Nikita A."]
[Black "Sekoyan, Vachagan"]
[Result "1/2-1/2"]
[WhiteElo "2066"]
[BlackElo "2084"]
[Annotator "NA RC"]
[PlyCount "102"]
[EventDate "2019.11.18"]
[EventType "swiss"]
[EventCountry "RUS"]
[SourceTitle "playchess.com"]
[Source "ChessBase"]
[SourceQuality "1"]
[TimeControl "5400+30"]

1. e4 {[%emt 0:01:59]} g6 {[%emt 0:00:00]} 2. d4 {[%emt 0:00:19]} Bg7 {[%emt 0:00:00]} 3. Nf3 {[%emt 0:00:10]} c5 {[%emt 0:00:00]} 4. c3 {[%emt 0:05:06]} cxd4 {[%emt 0:00:06]} 5. cxd4 {[%emt 0:00:13]} d5 {[%emt 0:02:06]} 6. exd5 {[%emt 0:20:09]} Nf6 {[%emt 0:00:59]} 7. Bb5+ {[%emt 0:00:49]} Nbd7 {[%emt 0:01:22]} 8. Nc3 {[%emt 0:03:01]} O-O {[%emt 0:01:24]} 9. Bxd7 {[%emt 0:08:40]} Bxd7 {[%emt 0:07:56]} 10. O-O {[%emt 0:11:49]} Bf5 {[%emt 0:06:05] B10: Caro-Kann: 2 d3 and 2 c4} (10... b5 11. a3 a5 12. Qb3 Rb8 13. Bf4 Rb6 14. Ne5 b4 15. Nc4 Rb7 16. axb4 Rxb4 17. Qa2 a4 18. Be5 {0-1 (54) Senador,E (2325)-Deepan Chakkravarthy,J (2479) Olongapo City 2015}) 11. Qb3 {[%emt 0:06:45]} Qc7 $146 {[%emt 0:03:57]} ({Predecessor:} 11... b6 12. Ne5 Kh8 13. Re1 Qd6 14. Bf4 Qd8 15. Nc6 Qc8 16. Rxe7 Qa6 17. Ne5 Kg8 18. Nb5 {1-0 (45) Kovalenko,O (2169)-Kovalev,E Kiev 2003}) 12. Bg5 {[%emt 0:06:57]} Bd3 {[%emt 0:15:41]} 13. Rfc1 {[%emt 0:08:13]} Bf5 {[%emt 0:10:36]} 14. Ne5 {[%emt 0:12:07]} Rad8 {[%emt 0:06:57]} 15. Bxf6 {[%emt 0:03:17]} (15. a4 $16) 15... Bxf6 {[%emt 0:02:47]} (15... exf6 $11 {remains equal.} 16. Nc4 Qf4) 16. f4 {[%emt 0:02:13]} Bg7 {[%emt 0:09:17]} 17. a4 {[%emt 0:01:55]} Qb6 {[%emt 0:07:17]} 18. Qxb6 {[%emt 0:00:21]} axb6 {[%emt 0:00:01]} 19. a5 {[%emt 0:01:36]} b5 {[%emt 0:00:26]} 20. Nxb5 {[%emt 0:01:14]} Rxd5 {[%emt 0:00:24]} 21. Rc5 {[%emt 0:00:29]} Rfd8 {[%emt 0:01:31]} 22. a6 {[%emt 0:01:55]} bxa6 {[%emt 0:01:12]} 23. Nc7 {[%emt 0:01:31]} Rxd4 {[%emt 0:01:56]} 24. Nc6 {[%emt 0:00:41]} Rd1+ {[%emt 0:07:19]} 25. Rxd1 {[%emt 0:00:03]} Rxd1+ {[%emt 0:00:03]} 26. Kf2 {[%emt 0:00:03]} Rd7 {[%emt 0:03:51]} 27. Nxa6 {[%emt 0:00:47]} Bxb2 {[%emt 0:01:26]} 28. Rb5 {[%emt 0:00:54]} Bf6 {[%emt 0:01:01]} 29. Ne5 {[%emt 0:00:35]} Rd4 {[%emt 0:01:50]} 30. Ke3 {[%emt 0:00:34]} Ra4 {[%emt 0:01:24]} 31. Nc5 {[%emt 0:00:25]} Ra3+ {[%emt 0:01:08]} 32. Rb3 {[%emt 0:00:35]} Ra2 {[%emt 0:01:38]} 33. Kf3 {[%emt 0:00:26]} Bc2 {[%emt 0:01:28]} 34. Rb8+ {[%emt 0:00:27]} Kg7 {[%emt 0:00:05]} 35. Ncd7 {[%emt 0:00:37]} Bd1+ {[%emt 0:01:08]} 36. Kg3 {[%emt 0:00:07]} Ra3+ {[%emt 0:00:56]} 37. Kf2 {[%emt 0:00:05]} Bh4+ {[%emt 0:00:22]} 38. g3 {[%emt 0:00:38]} Bf6 {[%emt 0:00:04]} 39. Rb2 {[%emt 0:01:00]} Ba4 {[%emt 0:03:47]} 40. Nxf6 {[%emt 0:00:39]} exf6 {[%emt 0:00:00]} 41. Nc4 {[%emt 0:00:31]} Rc3 {[%emt 0:00:00]} 42. Ne3 {[%emt 0:00:31]} Bc6 {[%emt 0:00:00]} 43. Rc2 {[%emt 0:00:17]} Rxc2+ {[%emt 0:00:00]} 44. Nxc2 {[%emt 0:00:02]} Kf8 {[%emt 0:00:00]} 45. Ne3 {[%emt 0:01:13]} Ke7 {[%emt 0:00:00]} 46. Ng4 {[%emt 0:00:24]} Ke6 {[%emt 0:00:28]} 47. Ke3 {[%emt 0:00:24]} g5 {[%emt 0:01:32]} ({Better is} 47... h5 $17 48. Nf2 Kf5) 48. Nh6 {[%emt 0:00:36]} Bd5 {[%emt 0:00:44]} 49. Ng4 {[%emt 0:00:35]} f5 {[%emt 0:00:23]} (49... h5 $5 {[%cal Rh5g4]} 50. Nf2 Kf5 $17) 50. Nf2 {[%emt 0:00:21]} g4 {[%emt 0:00:27]} 51. Nd3 {[%emt 0:00:40]} f6 $11 {[%emt 0:02:26] Ke4} 1/2-1/2

[Event "Moscow Youth U19 2019"]
[Site "Moscow"]
[Date "2019.11.25"]
[Round "8.8"]
[White "Kozhukhov, Alexandr"]
[Black "Talyzin, Valeriy"]
[Result "*"]
[WhiteElo "1627"]
[BlackElo "1829"]
[Annotator "NA RC"]
[PlyCount "81"]
[EventDate "2019.11.18"]
[EventType "swiss"]
[EventCountry "RUS"]
[SourceTitle "playchess.com"]
[Source "ChessBase"]
[SourceQuality "1"]
[TimeControl "5400+30"]

1. d4 {[%emt 0:05:30]} Nf6 {[%emt 0:00:00]} 2. c4 {[%emt 0:00:09]} g6 {[%emt 0:00:00]} 3. Nf3 {[%emt 0:00:05]} Bg7 {[%emt 0:00:00]} 4. g3 {[%emt 0:00:12]} O-O {[%emt 0:00:00]} 5. Bg2 {[%emt 0:00:06]} d6 {[%emt 0:00:00]} 6. O-O {[%emt 0:00:11]} Nc6 {[%emt 0:00:00]} 7. Nc3 {[%emt 0:00:28]} Bf5 {[%emt 0:00:00]} 8. Re1 {[%emt 0:01:55]} Ne4 {[%emt 1:34:00]} 9. Nxe4 {[%emt 0:04:47]} Bxe4 {[%emt 0:00:04]} 10. e3 {[%emt 0:00:23] E62: King's Indian: Fianchetto: 6...c6 and Panno Variation (6...Nc6) without ...a6} Nb4 {[%emt 0:11:35]} (10... d5 11. b3 e5 12. Ba3 Re8 13. dxe5 dxc4 14. bxc4 Nxe5 15. Nxe5 Bxe5 16. Qxd8 Raxd8 17. Rad1 Bc3 18. Rxd8 Rxd8 {1-0 (54) Romanchuk,V (2305)-Vovk,Y (2575) Alushta 2009}) 11. Re2 {[%emt 0:06:20]} Bd3 $146 {[%emt 0:08:55]} ({Predecessor:} 11... c5 12. a3 Nc6 13. Rd2 Qb6 14. d5 Na5 15. Re2 Nxc4 16. Nd2 Bd3 17. Nxc4 Bxc4 {1-0 (42) Schmalzried,V (1858)-Koetz,A (1997) Berlin 2017}) 12. Rd2 {[%emt 0:00:49]} Bxc4 {[%emt 0:00:08]} 13. Qa4 {[%emt 0:01:03]} a5 {[%emt 0:00:08]} 14. a3 {[%emt 0:03:25]} b5 {[%emt 0:00:08]} 15. Qd1 {[%emt 1:12:07]} Na6 {[%emt 0:02:34]} 16. Ng5 {[%emt 0:02:53]} Rb8 {[%emt 0:01:23]} 17. b3 {[%emt 0:03:24]} Be6 {[%emt 0:06:18]} 18. Nxe6 {[%emt 0:00:05]} fxe6 {[%emt 0:00:08]} 19. Bb2 {[%emt 0:03:39]} c5 {[%emt 0:08:26]} 20. Bh3 {[%emt 0:18:56]} Nc7 {[%emt 0:25:52]} 21. dxc5 {[%emt 0:00:33]} Bxb2 {[%emt 0:02:04]} 22. Rxb2 {[%emt 0:00:10]} dxc5 {[%emt 0:00:28]} 23. Qxd8 {[%emt 0:00:50]} Rfxd8 {[%emt 0:00:07]} 24. Rc1 {[%emt 0:00:04]} Rb6 {[%emt 0:04:52]} 25. Rxc5 {[%emt 0:01:42]} Rd1+ {[%emt 0:00:04]} 26. Bf1 {[%emt 0:00:55]} Nd5 {[%emt 0:00:35]} 27. Kg2 {[%emt 0:00:56]} Ra1 $1 {[%emt 0:01:34]} 28. Rxb5 {[%emt 0:08:30]} Rxb5 {[%emt 0:28:33]} 29. Bxb5 {[%emt 0:00:07]} Rxa3 {[%emt 0:00:00]} 30. Bc4 {[%emt 0:02:26]} Kf7 {[%emt 0:00:00]} 31. Bxd5 {[%emt 0:05:06]} exd5 $11 {[%emt 0:00:00]} 32. b4 {[%emt 0:00:06]} a4 {[%emt 0:00:00]} 33. b5 {[%emt 0:00:03]} Rb3 {[%emt 0:00:00]} 34. Ra2 {[%emt 0:00:04]} a3 {[%emt 0:00:00]} 35. b6 {[%emt 0:00:04]} e5 {[%emt 0:00:00]} 36. b7 {[%emt 0:00:05]} Kf6 {[%emt 0:00:00]} 37. Rxa3 {[%emt 0:00:27]} Rxb7 {[%emt 0:00:00]} 38. Ra5 {[%emt 0:00:11]} Rd7 {[%emt 0:00:00]} 39. Kf3 {[%emt 0:00:20]} h5 {[%emt 0:00:00]} 40. h3 {[%emt 0:00:50]} Rd6 {[%emt 0:00:00]} 41. Rb5 {[%emt 0:01:02]} *

[Event "Moscow Youth U19 2019"]
[Site "Moscow"]
[Date "2019.11.25"]
[Round "8.10"]
[White "Nikolaev, Daniil"]
[Black "Talalov, Anton"]
[Result "1/2-1/2"]
[WhiteElo "1867"]
[BlackElo "1792"]
[Annotator "NA RC"]
[PlyCount "84"]
[EventDate "2019.11.18"]
[EventType "swiss"]
[EventCountry "RUS"]
[SourceTitle "playchess.com"]
[Source "ChessBase"]
[SourceQuality "1"]
[TimeControl "5400+30"]

1. e4 {[%emt 0:00:00]} e5 {[%emt 0:05:00]} 2. Nf3 {[%emt 0:00:00]} Nc6 {[%emt 0:00:26]} 3. Bb5 {[%emt 0:00:00]} a6 {[%emt 0:00:05]} 4. Bxc6 {[%emt 0:00:00]} dxc6 {[%emt 0:00:09]} 5. O-O {[%emt 0:00:00]} Bd6 {[%emt 0:00:32]} 6. d4 {[%emt 0:00:02]} exd4 {[%emt 0:00:09]} 7. Qxd4 {[%emt 0:00:51]} f6 {[%emt 0:00:05]} 8. Be3 {[%emt 0:00:14]} Be6 {[%emt 0:02:24]} 9. Nbd2 {[%emt 0:01:05]} Ne7 {[%emt 0:00:11]} 10. Qc3 {[%emt 0:01:39] C68: Ruy Lopez: Exchange Variation, sidelines} (10. Rad1 Ng6 11. Nc4 Bxc4 12. Qxc4 Qe7 13. c3 O-O-O 14. b4 Rhe8 15. Rd4 Qe6 16. Qxe6+ Rxe6 17. Nd2 Ne5 18. f3 {1-0 (59) Novikov,S (2540)-Tomashevsky,E (2705) St Petersburg 2018}) 10... O-O {[%emt 0:02:29]} 11. Rad1 {[%emt 0:07:33]} b6 {[%emt 0:15:36]} 12. Nc4 {[%emt 0:09:57]} c5 {[%emt 0:06:20]} 13. Bf4 {[%emt 0:07:45]} Nc8 {[%emt 0:05:13]} 14. e5 {[%emt 0:06:58]} fxe5 {[%emt 0:00:09]} 15. Bxe5 {[%emt 0:01:40]} Qe7 {[%emt 0:00:49]} 16. Rfe1 {[%emt 0:07:29]} Bxe5 {[%emt 0:04:56]} 17. Qxe5 $146 {[%emt 0:07:36]} ({Predecessor:} 17. Rxe5) 17... Bxc4 {[%emt 0:01:50]} 18. Qxe7 {[%emt 0:00:10]} Nxe7 {[%emt 0:00:05]} 19. Rxe7 {[%emt 0:00:03]} Rf7 {[%emt 0:00:24]} 20. Re3 {[%emt 0:15:16]} Bb5 {[%emt 0:07:36]} 21. Ne5 {[%emt 0:04:14]} Rf4 {[%emt 0:07:13]} 22. c3 {[%emt 0:07:45]} Kf8 {[%emt 0:23:00]} 23. g3 {[%emt 0:00:46]} Rf6 {[%emt 0:00:10]} 24. Nd7+ {[%emt 0:01:32]} Bxd7 {[%emt 0:00:07]} 25. Rxd7 {[%emt 0:00:03]} Rf7 {[%emt 0:00:28]} 26. Red3 {[%emt 0:04:57]} Re8 {[%emt 0:01:10]} 27. Kf1 {[%emt 0:07:41]} Rfe7 {[%emt 0:01:24]} 28. Rxe7 {[%emt 0:01:13]} Rxe7 {[%emt 0:00:10]} 29. f4 {[%emt 0:00:21]} Kf7 {[%emt 0:00:25]} 30. Kf2 {[%emt 0:00:11]} g6 {[%emt 0:00:30]} 31. Kf3 {[%emt 0:02:17]} h5 {[%emt 0:00:56]} 32. h3 {[%emt 0:01:23]} Kf6 {[%emt 0:00:53]} 33. g4 {[%emt 0:00:19]} hxg4+ {[%emt 0:01:04]} 34. hxg4 {[%emt 0:00:05]} Rh7 {[%emt 0:01:23]} (34... g5 $1 $11 {remains equal.}) 35. Rd2 {[%emt 0:00:42]} Rh3+ {[%emt 0:00:50]} 36. Kg2 {[%emt 0:00:56]} Re3 {[%emt 0:00:14]} 37. Kf2 {[%emt 0:00:06]} Rh3 {[%emt 0:00:11]} 38. Re2 $11 {[%emt 0:00:10]} Rd3 {[%emt 0:01:31]} 39. Re3 {[%emt 0:00:19]} Rd2+ {[%emt 0:00:07]} 40. Re2 {[%emt 0:00:04]} Rd3 {[%emt 0:00:05]} 41. Re3 {[%emt 0:01:56]} Rd2+ {[%emt 0:00:08]} 42. Re2 {[%emt 0:00:18]} Rd3 {[%emt 0:00:38]} 1/2-1/2

[Event "Moscow Youth U19 2019"]
[Site "Moscow"]
[Date "2019.11.26"]
[Round "9.1"]
[White "Rysaev, Danial"]
[Black "Makarian, Rudik"]
[Result "0-1"]
[WhiteElo "2029"]
[BlackElo "2405"]
[Annotator "TA"]
[PlyCount "80"]
[EventDate "2019.11.18"]
[EventType "swiss"]
[EventCountry "RUS"]
[SourceTitle "playchess.com"]
[Source "ChessBase"]
[SourceQuality "1"]

{[%evp 24,80,46,41,40,42,39,38,41,48,55,44,53,5,79,97,95,105,100,92,104,96,83,0,97,85,91,98,100,97,129,106,234,232,247,240,242,216,222,21,40,39,23,-29995,0,0,0,0,0,0,0,-893,-861,-783,-548,-29993,-29994,-29994,-29995]} 1. d4 Nf6 2. c4 g6 3. Nc3 Bg7 4. e4 d6 5. Nf3 O-O 6. Be2 e5 7. d5 Na6 8. O-O Nc5 9. Qc2 a5 10. Bg5 h6 11. Be3 Nh5 12. g3 Bh3 13. Rfe1 b6 {E94: King's Indian: Classical: 6 Be2 e5 7 0-0: Various Black 7th moves} 14. a3 a4 15. Bxc5 bxc5 {White is slightly better.} 16. Nxa4 f5 17. Nc3 f4 {[#]} 18. b4 $146 {[%cal Bb2b4,Bb4c5][%mdl 32]} ({Predecessor:} 18. Kh1 Nf6 19. a4 g5 20. Ra3 Qe8 21. Nb5 {1-0 (37) Vescovi,G (2660)-Utegaliev,A (2431) Moscow 2010}) 18... g5 (18... Bg4 $11 19. Nh4 Bxe2 20. Qxe2 fxg3 21. fxg3 (21. hxg3 Nf4 $11) 21... Nf4) 19. bxc5 $16 Qf6 {And now ...fxg3 would win.} 20. Kh1 {Hoping for Ng1.} fxg3 21. fxg3 (21. hxg3 $2 g4 $19) 21... g4 22. Nh4 {Threatens to win with Nf5.} Qf2 {...Nxg3+! is the strong threat.} 23. Bd3 (23. Rg1 $1 $16) 23... Qxc5 (23... Nxg3+ $1 $11 {remains equal.} 24. hxg3 Qxg3) 24. Nf5 Rxa3 25. Rxa3 (25. Nxg7 $2 Rf2 $19) 25... Qxa3 26. Nb5 $1 {[%cal Rb5a3,Bc3b5,Bb5c7,Bc7e6][%mdl 32]} Qa5 27. Qc3 Qa2 (27... Qxc3 $16 {might work better.} 28. Nxc3 Rf7) 28. Re2 $1 $18 {[%cal Re2a2]} Qa4 {aiming for ...Qd1+.} 29. Bc2 Qa2 30. Nxc7 Nf6 31. Qd2 $2 (31. Nxg7 {is a self mate.} Nxe4 32. Qe1 Rf1+ 33. Qxf1 Bxf1 34. Nf5 Bxe2 35. Nxh6+ Kh7 $1 {[%mdl 512]} 36. Bxe4+ Kxh6 37. Kg1 Bf3 38. Bc2 Qxc2 39. Kf1 Qg2+ 40. Ke1 Qe2#) (31. Qe1 $18) 31... Qxc4 $11 32. Ne6 Ra8 $1 33. Nxd6 $2 {[%mdl 8192] [#]} (33. Nfxg7 {gets mated.} Qxc2 $1 {[%mdl 512]} 34. Nf4 Qxd2 35. Nxh3 gxh3 $1 {[%mdl 512]} 36. Rxd2 Ra1+ 37. Rd1 Rxd1#) (33. Re1 $11 Ra2 34. Rc1 Nxe4 35. Nxh6+ Kh8 36. Nf7+ Kg8 37. Nh6+ Kh8 38. Nf7+ Kg8 39. Nh6+) 33... Ra1+ $2 (33... Qxc2 $1 {[%mdl 512] mates} 34. Nf4 (34. Qxc2 Ra1+) 34... Qxd2 35. Nxh3 {[#]} gxh3 $1 {[%mdl 512]} 36. Rxd2 Ra1+ 37. Rd1 Rxd1#) 34. Bd1 Qa6 35. Nxg7 Qxd6 36. Nf5 Qa3 $1 $40 {[%cal Ra3f3][%mdl 128] Black attacks.} 37. Re3 $2 {[%mdl 8192]} (37. Nxh6+ Kh7 $19) (37. Ne3 $11) 37... Qa2 $19 {( -> ...Rxd1+!)} 38. Re2 Nxe4 39. Nxh6+ Kh7 40. Qd3 {[#]} Qc4 $1 {[%mdl 512] Accuracy: White = 51%, Black = 61%.} 0-1

[Event "Moscow Youth U19 2019"]
[Site "Moscow"]
[Date "2019.11.26"]
[Round "9.2"]
[White "Pavlov, Danila"]
[Black "Gotsiuk, Denis"]
[Result "1/2-1/2"]
[WhiteElo "2369"]
[BlackElo "1976"]
[Annotator "TA"]
[PlyCount "34"]
[EventDate "2019.11.18"]
[EventType "swiss"]
[EventCountry "RUS"]
[SourceTitle "playchess.com"]
[Source "ChessBase"]
[SourceQuality "1"]

{[%evp 9,34,12,14,-8,0,-17,-13,-152,-64,-39,-39,-30,-33,-70,-50,-62,-15,-20,0,-130,0,-25,0,-135,0,-22,0]} 1. e4 Nf6 2. Nc3 d5 3. e5 d4 4. Nce2 d3 5. cxd3 (5. exf6 dxe2 6. Bxe2 exf6 7. d4 Bd6 8. c3 O-O 9. Qc2 Re8 10. Be3 f5 11. O-O-O Qf6 12. Bd3 h6 {1-0 (27) Van Kerkhof,D (2318)-Voogt,B (2126) Delft 2016}) 5... Nd5 6. Nf3 {B02: Alekhine's Defence: Chase Variation and lines with early Nc3} Bg4 $146 ({Predecessor:} 6... Nc6 7. a3 Bg4 8. Qa4 Qd7 9. Nc3 Nxc3 10. dxc3 Nxe5 11. Qxd7+ Nxd7 12. Be3 O-O-O {½-½ (20) Kachibadze,G (1976)-Nuber,B (2041) Willingen 2006}) 7. Nc3 Nc6 8. Qb3 (8. d4 $1 $11) 8... Nb6 (8... Ndb4 $17 {And now ...Bxf3 would win.} 9. a3 Be6) 9. Be2 $1 $15 e6 {[%mdl 1024] Black has compensation.} 10. O-O Be7 11. a4 a5 12. Re1 O-O 13. Nb5 $1 Bf5 14. Bf1 (14. d4 $11 {keeps the balance.}) 14... Bg4 (14... Nb4 $17 15. Re4 h6) 15. Be2 $11 Bf5 ({Better is} 15... Nb4 $11) 16. Bf1 $17 {[#]} Bg4 (16... Nb4 $1 $17 17. Nbd4 Bg6) 17. Be2 $11 Bf5 {Accuracy: White = 52%, Black = 16%.} 1/2-1/2